000 00748nam a2200289Ia 4500
005 20260324123223.0
008 008 260324s9999 xx 000 0 eng d
020 _a9780429493317
037 _aEBOOK
040 _aCRL
040 _beng
040 _cCRL
041 _2eng
041 _aeng
084 _qCRL
100 _aAran MacKinnon; Elaine McClarnand MacKinnon
_91169488
245 0 _aPlaces of Encounter, Volume 2
245 0 _bTime, Place, and Connectivity in World History, Volume Two: Since 1500
260 _bTaylor and Francis
260 _c2012
365 _a
365 _b230
856 _uhttp://www.taylorfrancis.com/books/9780429493317
942 _cEBOOK
999 _c1762808
_d1762808